[Event "CRO-chT (Women) 32nd"]
[Site "Veli Losinj"]
[Date "2024.10.09"]
[Round "6.1"]
[White "Janzelj, Lara"]
[Black "Medic, Mirjana"]
[Result "1-0"]
[WhiteElo "2178"]
[BlackElo "2096"]
[PlyCount "63"]
[EventDate "2024.10.05"]
[EventType "team-tourn"]
[EventRounds "9"]
[EventCountry "CRO"]
[SourceTitle "CB45_2024"]
[Source "ChessBase"]
[SourceDate "2024.11.06"]
[SourceVersion "1"]
[SourceVersionDate "2024.11.06"]
[SourceQuality "1"]
[WhiteTeam "Novo Virje Konaki (W)"]
[BlackTeam "Busevec Polet (W)"]
[WhiteTeamCountry "CRO"]
[BlackTeamCountry "CRO"]

1. d4 d5 2. c4 e6 3. Nf3 Nf6 4. g3 Bb4+ 5. Bd2 Be7 6. Bg2 0-0 7. Qc2 c6 8. 0-0 a5 9. Rd1 Nbd7 10. b3 b6 11. Bf4 Nh5 12. Bc1 Nhf6 13. Nbd2 Ba6 14. e4 Rc8 15. Bb2 Qc7 16. Rac1 Qb8 17. Re1 Rfe8 18. h4 h5 19. Ng5 Nf8 20. Qd1 Ng4 21. cxd5 cxd5 22. Rxc8 Qxc8 23. exd5 Bxg5 24. hxg5 exd5 25. Rxe8 Qxe8 26. Bxd5 Qe7 27. Qf3 Qe1+ 28. Kg2 Ne6 29. g6 Nf6 30. gxf7+ Kxf7 31. Nc4 Ke8 32. Bc3 1-0

[Event "CRO-chT (Women) 32nd"]
[Site "Veli Losinj"]
[Date "2024.10.07"]
[Round "4.1"]
[White "Janzelj, Lara"]
[Black "Jacimovic, Sara"]
[Result "1-0"]
[WhiteElo "2178"]
[BlackElo "1997"]
[PlyCount "95"]
[EventDate "2024.10.05"]
[EventType "team-tourn"]
[EventRounds "9"]
[EventCountry "CRO"]
[SourceTitle "CB45_2024"]
[Source "ChessBase"]
[SourceDate "2024.11.06"]
[SourceVersion "1"]
[SourceVersionDate "2024.11.06"]
[SourceQuality "1"]
[WhiteTeam "Novo Virje Konaki (W)"]
[BlackTeam "Djakovo Dama (W)"]
[WhiteTeamCountry "CRO"]
[BlackTeamCountry "CRO"]

1. d4 Nf6 2. c4 g6 3. Nc3 Bg7 4. e4 d6 5. Bd3 e5 6. d5 a5 7. Nge2 0-0 8. 0-0 Nh5 9. Be3 Na6 10. Bc2 Nc5 11. a3 f5 12. exf5 gxf5 13. f4 e4 14. Rb1 Qh4 15. b4 axb4 16. axb4 Na6 17. Bd4 Bh6 18. Qd2 Kf7 19. c5 Bd7 20. c6 bxc6 21. dxc6 Be6 22. Bb3 Bxb3 23. Rxb3 Rg8 24. Rf2 Qe7 25. Nd1 Nf6 26. Ne3 Qe6 27. Ra3 Nd5 28. Nxd5 Qxd5 29. Ra5 Qe6 30. Ng3 d5 31. b5 Rae8 32. bxa6 e3 33. Bxe3 Qxe3 34. Qxd5+ Re6 35. Qxf5+ Kg7 36. Re5 Rxe5 37. Qxe5+ Qxe5 38. fxe5 Bg5 39. h4 Bc1 40. e6 Re8 41. Nf5+ Kg6 42. e7 Ba3 43. Rf3 Bxe7 44. Nxe7+ Rxe7 45. a7 Re1+ 46. Rf1 Re8 47. Rb1 Ra8 48. Rb7 1-0

[Event "CRO-chT (Women) 32nd"]
[Site "Veli Losinj"]
[Date "2024.10.05"]
[Round "1.1"]
[White "Janzelj, Lara"]
[Black "Froewis, Annika"]
[Result "1-0"]
[WhiteElo "2178"]
[BlackElo "2075"]
[PlyCount "89"]
[EventDate "2024.10.05"]
[EventType "team-tourn"]
[EventRounds "9"]
[EventCountry "CRO"]
[SourceTitle "CB45_2024"]
[Source "ChessBase"]
[SourceDate "2024.11.06"]
[SourceVersion "1"]
[SourceVersionDate "2024.11.06"]
[SourceQuality "1"]
[WhiteTeam "Novo Virje Konaki (W)"]
[BlackTeam "Sisak (W)"]
[WhiteTeamCountry "CRO"]
[BlackTeamCountry "CRO"]

1. Nf3 d5 2. d4 Nf6 3. g3 e6 4. Bg2 b5 5. 0-0 Be7 6. a4 b4 7. c3 bxc3 8. Nxc3 0-0 9. Ne5 Nfd7 10. Nd3 Bf6 11. e4 c6 12. e5 Be7 13. b4 Nb6 14. Re1 Nc4 15. Rb1 Nd7 16. h4 Rb8 17. h5 Kh8 18. Bf4 Ba6 19. Rb3 Qb6 20. Ne2 Na5 21. Rb1 Bxd3 22. Qxd3 Bxb4 23. h6 g6 24. Bd2 c5 25. dxc5 Qxc5 26. Bxb4 Rxb4 27. Rxb4 Qxb4 28. Rb1 Nxe5 29. Qd1 Qc5 30. Rb5 Qc7 31. Qd4 f6 32. Qb4 Rc8 33. Qxa5 Qxa5 34. Rxa5 Rc7 35. Ra6 Re7 36. Nd4 Ng4 37. Nxe6 Nxh6 38. Rc6 Re8 39. Bxd5 Nf5 40. Rc7 a5 41. Ra7 Ne7 42. Ra8 Rxa8 43. Bxa8 Kg8 44. Nd4 h5 45. Nb3 1-0

[Event "Olympiad Women-45"]
[Site "Budapest"]
[Date "2024.09.18"]
[Round "7.3"]
[White "Janzelj, Lara"]
[Black "Jacimovic, Sara"]
[Result "1/2-1/2"]
[WhiteElo "2193"]
[BlackElo "1981"]
[PlyCount "100"]
[EventDate "2024.09.11"]
[EventType "team-swiss"]
[EventRounds "11"]
[EventCountry "HUN"]
[SourceTitle "EXT 2025"]
[Source "ChessBase"]
[SourceDate "2024.10.14"]
[SourceVersion "1"]
[SourceVersionDate "2024.10.14"]
[SourceQuality "1"]
[WhiteTeam "Slovenia (W)"]
[BlackTeam "Bosnia & Herzegovina (W)"]
[WhiteTeamCountry "SLO"]
[BlackTeamCountry "BIH"]

1. d4 Nf6 2. c4 g6 3. Nc3 Bg7 4. e4 d6 5. Be2 0-0 6. Nf3 e5 7. d5 a5 8. h3 Na6 9. g4 Nc5 10. Qc2 Ne8 11. Bg5 f6 12. Be3 f5 13. gxf5 gxf5 14. Bxc5 dxc5 15. 0-0-0 Nd6 16. Rdg1 Qf6 17. Rg2 Kh8 18. Nd2 Bh6 19. Kb1 Bxd2 20. Qxd2 f4 21. f3 Bd7 22. Nd1 b6 23. Nf2 h5 24. Qc3 Rg8 25. Rhg1 Rxg2 26. Rxg2 Rg8 27. Rxg8+ Kxg8 28. Nd3 Nf7 29. Bf1 Qg5 30. a3 Qg1 31. Qe1 a4 32. h4 Kg7 33. Ka2 Kf6 34. Kb1 Nh8 35. Ka2 Ng6 36. b3 Qg3 37. Qe2 axb3+ 38. Kxb3 Qxh4 39. a4 Kf7 40. a5 Qd8 41. Qh2 bxa5 42. Qxh5 Qb8+ 43. Kc3 Kf6 44. Be2 Qb1 45. Qh7 Ba4 46. Kd2 Qg1 47. Qxc7 Qe3+ 48. Ke1 Qg1+ 49. Kd2 Qe3+ 50. Ke1 Qg1+ 1/2-1/2

[Event "Olympiad Women-45"]
[Site "Budapest"]
[Date "2024.09.11"]
[Round "1.28"]
[White "Lou, Yuxin"]
[Black "Janzelj, Lara"]
[Result "0-1"]
[WhiteElo "1654"]
[BlackElo "2193"]
[PlyCount "52"]
[EventDate "2024.09.11"]
[EventType "team-swiss"]
[EventRounds "11"]
[EventCountry "HUN"]
[SourceTitle "EXT 2025"]
[Source "ChessBase"]
[SourceDate "2024.10.14"]
[SourceVersion "1"]
[SourceVersionDate "2024.10.14"]
[SourceQuality "1"]
[WhiteTeam "Hong Kong (W)"]
[BlackTeam "Slovenia (W)"]
[WhiteTeamCountry "HKG"]
[BlackTeamCountry "SLO"]

1. d4 Nf6 2. c4 g6 3. Nc3 Bg7 4. e4 d6 5. Be2 0-0 6. Bg5 c5 7. d5 h6 8. Be3 e6 9. dxe6 Bxe6 10. Qd2 Qa5 11. 0-0-0 b5 12. e5 dxe5 13. a3 b4 14. Nb5 a6 15. Nd6 Nbd7 16. Bd3 Qc7 17. Ne4 bxa3 18. bxa3 Rab8 19. Nxf6+ Nxf6 20. f4 Rfd8 21. Qc2 exf4 22. Bd2 Rxd3 23. Qxd3 Bf5 24. Qxf5 gxf5 25. Bc3 Ne4 26. Bxg7 Qb7 0-1

[Event "AUT-chT (Women) 2324"]
[Site "Austria"]
[Date "2024.04.14"]
[Round "9.2"]
[White "Kejzar, Petra"]
[Black "Janzelj, Lara"]
[Result "0-1"]
[WhiteElo "2043"]
[BlackElo "2167"]
[PlyCount "96"]
[EventDate "2023.11.24"]
[EventType "team-tourn"]
[EventRounds "9"]
[EventCountry "AUT"]
[SourceTitle "CBM 219 Extra"]
[Source "ChessBase"]
[SourceDate "2024.05.31"]
[SourceVersion "1"]
[SourceVersionDate "2024.05.31"]
[SourceQuality "1"]
[WhiteTeam "St Veit/Glan (W)"]
[BlackTeam "Feffernitz (W)"]
[WhiteTeamCountry "AUT"]
[BlackTeamCountry "AUT"]

1. d4 d5 2. c4 c6 3. Nf3 Nf6 4. Qb3 dxc4 5. Qxc4 Bf5 6. g3 e6 7. Bg2 Be7 8. 0-0 0-0 9. Nc3 Nbd7 10. e3 Ne4 11. Nd2 Nxd2 12. Bxd2 Bg6 13. Qe2 Nf6 14. Rfc1 Qd6 15. f4 Rfd8 16. Be1 Rac8 17. b4 Nd5 18. Ne4 Qb8 19. a3 b6 20. Nf2 Bf8 21. e4 Nf6 22. Bc3 c5 23. dxc5 bxc5 24. h4 Nh5 25. Qf3 cxb4 26. axb4 f5 27. exf5 exf5 28. Be5 Rxc1+ 29. Rxc1 Qxb4 30. Nd3 Qb5 31. Bf1 Bf7 32. Kh2 a5 33. Ba1 Qb3 34. Be2 Nf6 35. Bxf6 gxf6 36. g4 fxg4 37. Qxg4+ Kh8 38. Qf5 Qe6 39. Qxe6 Bxe6 40. Rc6 Bd6 41. Kg3 a4 42. Nb2 Bd5 43. Ra6 a3 44. Nc4 Rg8+ 45. Kf2 Rg2+ 46. Kf1 Bc5 47. Bd3 a2 48. Ke1 Rg1+ 0-1

[Event "AUT-chT (Women) 2324"]
[Site "Austria"]
[Date "2023.11.25"]
[Round "2.2"]
[White "Janzelj, Lara"]
[Black "Gueci, Tea"]
[Result "0-1"]
[WhiteElo "2201"]
[BlackElo "2160"]
[PlyCount "78"]
[EventDate "2023.11.24"]
[EventType "team-tourn"]
[EventRounds "9"]
[EventCountry "AUT"]
[SourceTitle "CBM 217 Extra"]
[Source "ChessBase"]
[SourceDate "2024.01.31"]
[SourceVersion "1"]
[SourceVersionDate "2024.01.31"]
[SourceQuality "1"]
[WhiteTeam "Feffernitz (W)"]
[BlackTeam "Schach ohne Grenzen (W)"]
[WhiteTeamCountry "AUT"]
[BlackTeamCountry "AUT"]

1. c4 e6 2. g3 d5 3. d4 dxc4 4. Bg2 e5 5. Nf3 exd4 6. Nxd4 c6 7. 0-0 Nf6 8. a4 Bc5 9. e3 0-0 10. Qc2 Bxd4 11. Rd1 Be6 12. Rxd4 Qe7 13. Na3 Na6 14. Nxc4 Nb4 15. Qe2 Rad8 16. Rxd8 Rxd8 17. b3 b5 18. Na5 Nfd5 19. Bb2 bxa4 20. e4 Nb6 21. Ba3 Rc8 22. bxa4 c5 23. Bb2 Qd7 24. Rd1 Qxa4 25. Nb7 h6 26. Nxc5 Rxc5 27. Rd8+ Kh7 28. Qe3 Rc8 29. Qd4 f6 30. Rd6 Nc4 31. Rxe6 Nxb2 32. Bf3 N4d3 33. Qxa4 Nxa4 34. Bg4 Rc7 35. h4 Nac5 36. Rd6 Nxf2 37. Bf5+ g6 38. Kxf2 gxf5 39. Ke3 Nxe4 0-1

[Event "EU-chT (Women) 24th"]
[Site "Budva"]
[Date "2023.11.12"]
[Round "2.11"]
[White "Janzelj, Lara"]
[Black "Mihaljevic, Eva"]
[Result "1/2-1/2"]
[WhiteElo "2201"]
[BlackElo "2010"]
[PlyCount "93"]
[EventDate "2023.11.11"]
[EventType "team-swiss"]
[EventRounds "9"]
[EventCountry "MNE"]
[SourceTitle "CBM 217 Extra"]
[Source "ChessBase"]
[SourceDate "2024.01.31"]
[SourceVersion "1"]
[SourceVersionDate "2024.01.31"]
[SourceQuality "1"]
[WhiteTeam "Slovenia (W)"]
[BlackTeam "Croatia (W)"]
[WhiteTeamCountry "SLO"]
[BlackTeamCountry "CRO"]

1. d4 d5 2. c4 e6 3. Nf3 Nf6 4. g3 Be7 5. Bg2 0-0 6. Nc3 b6 7. 0-0 Bb7 8. Qc2 Nbd7 9. Rd1 Rc8 10. cxd5 exd5 11. Ne5 c5 12. Nxd7 Qxd7 13. dxc5 Bxc5 14. Qb3 Qf5 15. Rf1 Ne4 16. Nxe4 dxe4 17. Be3 Bd5 18. Qa4 Bxe3 19. fxe3 Qg5 20. Rf4 Qe5 21. Rd1 Be6 22. Qd4 Qb5 23. Bxe4 Qxe2 24. Rf2 Qc4 25. b3 Qc5 26. Qd3 g6 27. Rfd2 Rfd8 28. Qxd8+ Rxd8 29. Rxd8+ Kg7 30. R8d4 Bg4 31. R1d2 Qc3 32. Kf2 Be6 33. Bd5 Bxd5 34. Rxd5 Qc1 35. Kg2 Qe1 36. R5d3 h5 37. Rf2 Qb1 38. Rd7 Qe4+ 39. Rf3 Qc2+ 40. Kh3 g5 41. Rdxf7+ Kg8 42. Rf2 Qe4 43. Rxa7 Qe6+ 44. Kg2 Qc6+ 45. Kg1 Qc1+ 46. Kg2 Qc6+ 47. Kg1 1/2-1/2

[Event "CRO-chT (Women) 31st"]
[Site "Veli Losinj"]
[Date "2023.10.15"]
[Round "6.1"]
[White "Janzelj, Lara"]
[Black "Berke, Ana"]
[Result "1-0"]
[WhiteElo "2143"]
[BlackElo "2147"]
[PlyCount "69"]
[EventDate "2023.10.11"]
[EventType "team-tourn"]
[EventRounds "9"]
[EventCountry "CRO"]
[SourceTitle "CBM 216 Extra"]
[Source "ChessBase"]
[SourceDate "2023.11.30"]
[SourceVersion "1"]
[SourceVersionDate "2023.11.30"]
[SourceQuality "1"]
[WhiteTeam "Novo Virje Konaki (W)"]
[BlackTeam "Rijeka Draga (W)"]
[WhiteTeamCountry "CRO"]
[BlackTeamCountry "CRO"]

1. d4 d5 2. Nf3 Nf6 3. e3 e6 4. Bd3 Be7 5. 0-0 0-0 6. b3 c5 7. Bb2 b6 8. Nbd2 Bb7 9. Ne5 Ne4 10. f3 Nxd2 11. Qxd2 Nd7 12. Ng4 Nf6 13. Nf2 Rc8 14. Qe2 Qc7 15. c3 e5 16. dxe5 Qxe5 17. c4 Qc7 18. cxd5 Nxd5 19. Ng4 h5 20. Ne5 Bd6 21. f4 Nf6 22. Nc4 Be7 23. a4 Rcd8 24. Rad1 Rd5 25. e4 Rdd8 26. e5 Ng4 27. h3 Nh6 28. f5 Rfe8 29. f6 Bf8 30. Qxh5 Qc6 31. Qg5 Rd7 32. Nd6 Rxd6 33. exd6 Re6 34. fxg7 Bxd6 35. Bh7+ 1-0

[Event "Mitropa Cup (Women)"]
[Site "Mali Losinj"]
[Date "2023.04.17"]
[Round "7.19"]
[White "Vujnovic, Patricija"]
[Black "Janzelj, Lara"]
[Result "1/2-1/2"]
[WhiteElo "2108"]
[BlackElo "2191"]
[PlyCount "73"]
[EventDate "2023.04.11"]
[EventType "team-tourn"]
[EventRounds "9"]
[EventCountry "CRO"]
[SourceTitle "CBM 213 Extra"]
[Source "ChessBase"]
[SourceDate "2023.05.31"]
[SourceVersion "1"]
[SourceVersionDate "2023.05.31"]
[SourceQuality "1"]
[WhiteTeam "Croatia (W)"]
[BlackTeam "Slovenia (W)"]
[WhiteTeamCountry "CRO"]
[BlackTeamCountry "SLO"]

1. e4 d6 2. d4 Nf6 3. Nc3 e5 4. Nf3 Nbd7 5. Rg1 g6 6. g4 exd4 7. Nxd4 Bg7 8. Be2 Nc5 9. f3 0-0 10. g5 Ne8 11. Be3 Bd7 12. Qd2 c6 13. 0-0-0 b5 14. Nxc6 Bxc6 15. Bxc5 Qa5 16. Bd4 b4 17. Nb1 Rc8 18. Qd3 Qxa2 19. Qa6 Qe6 20. b3 Rc7 21. Bxg7 Nxg7 22. Bc4 Qe5 23. Rd2 Rfc8 24. h4 Ne6 25. Bxe6 Qxe6 26. Rgg2 Qe5 27. Qd3 Bd7 28. Qd5 Qf4 29. Kb2 Be6 30. Qd4 a5 31. Qf6 Qxh4 32. Rxd6 Qh3 33. Rd8+ Rxd8 34. Qxd8+ Kg7 35. Qf6+ Kg8 36. Qd8+ Kg7 37. Qf6+ 1/2-1/2

[Event "Mitropa Cup (Women)"]
[Site "Mali Losinj"]
[Date "2023.04.12"]
[Round "2.3"]
[White "Janzelj, Lara"]
[Black "Sala, Giulia"]
[Result "0-1"]
[WhiteElo "2191"]
[BlackElo "2010"]
[PlyCount "98"]
[EventDate "2023.04.11"]
[EventType "team-tourn"]
[EventRounds "9"]
[EventCountry "CRO"]
[SourceTitle "CBM 213 Extra"]
[Source "ChessBase"]
[SourceDate "2023.05.31"]
[SourceVersion "1"]
[SourceVersionDate "2023.05.31"]
[SourceQuality "1"]
[WhiteTeam "Slovenia (W)"]
[BlackTeam "Italy (W)"]
[WhiteTeamCountry "SLO"]
[BlackTeamCountry "ITA"]

1. c4 c5 2. g3 g6 3. Bg2 Bg7 4. Nf3 Nf6 5. 0-0 0-0 6. Nc3 Nc6 7. d3 d6 8. Bd2 a6 9. Qc1 Re8 10. Bh6 Bh8 11. h3 Rb8 12. Nh4 Nd4 13. e3 Nf5 14. Nxf5 Bxf5 15. e4 Bd7 16. f4 b5 17. g4 Bc8 18. f5 Nd7 19. fxg6 hxg6 20. Qf4 Ne5 21. b3 Be6 22. Qd2 bxc4 23. dxc4 Nc6 24. Rac1 Qa5 25. Kh1 Be5 26. Rf2 Kh7 27. Bf4 Bd4 28. Rf3 Rh8 29. Qe2 Kg8 30. Rg3 Rh4 31. Nd5 f6 32. Rf1 g5 33. Bxd6 exd6 34. Nxf6+ Kh8 35. e5 Nxe5 36. Ne4 Bxg4 37. Qc2 Qd8 38. Rf6 Rb6 39. Qd2 Rh5 40. Qe1 Kg7 41. Rf1 d5 42. cxd5 Rbh6 43. Nf2 Qd6 44. Nxg4 Nxg4 45. Qe8 Nf6 46. Qe1 Rh8 47. Rf5 g4 48. Rf1 Re8 49. Rxg4+ Nxg4 0-1

[Event "AUT-chT (Women) 2223"]
[Site "Austria"]
[Date "2023.03.05"]
[Round "7.3"]
[White "Janzelj, Lara"]
[Black "Matnadze, Ana"]
[Result "0-1"]
[WhiteElo "2191"]
[BlackElo "2400"]
[PlyCount "172"]
[EventDate "2022.10.21"]
[EventType "team-tourn"]
[EventRounds "9"]
[EventCountry "AUT"]
[SourceTitle "EXT 2024"]
[Source "ChessBase"]
[SourceDate "2023.10.10"]
[SourceVersion "1"]
[SourceVersionDate "2023.10.10"]
[SourceQuality "1"]
[WhiteTeam "Feffernitz (W)"]
[BlackTeam "Pamhagen (W)"]
[WhiteTeamCountry "AUT"]
[BlackTeamCountry "AUT"]

1. c4 Nf6 2. Nf3 e6 3. g3 b6 4. Bg2 Bb7 5. 0-0 g6 6. d3 Bg7 7. Nc3 0-0 8. Bd2 d5 9. Qc1 Nbd7 10. Bh6 c5 11. cxd5 exd5 12. Bxg7 Kxg7 13. d4 Qe7 14. Rd1 c4 15. Qf4 a6 16. a4 Rac8 17. g4 Rfe8 18. Nh4 Ne4 19. Nxe4 dxe4 20. g5 Bd5 21. Ra3 Rc6 22. Rh3 Nf8 23. Bf1 Qd7 24. Qg3 e3 25. f4 c3 26. bxc3 Rxc3 27. f5 gxf5 28. Qf4 Be4 29. d5 Kg8 30. Rd4 Ng6 31. Nxg6 fxg6 32. Rxe3 Rc5 33. Bh3 Qg7 34. Rexe4 fxe4 35. Rxe4 Rf8 36. Be6+ Kh8 37. Qe5 Qxe5 38. Rxe5 b5 39. axb5 axb5 40. Re3 Kg7 41. Rb3 Rf4 42. Ra3 Kf8 43. Ra7 b4 44. Rb7 Re4 45. Rb8+ Ke7 46. Rb7+ Kd6 47. Rd7+ Ke5 48. Bg8 Kd4 49. d6 Rxe2 50. Kf1 Kd3 51. Rc7 Rf5+ 52. Kg1 Rxg5+ 53. Kf1 Rf5+ 54. Kg1 Re4 55. h3 Rg5+ 56. Kh2 Rd4 57. d7 h5 58. Bf7 Ke3 59. Be6 Rd2+ 60. Kh1 Rd1+ 61. Kh2 Rd2+ 62. Kh1 Ra5 63. Rc1 g5 64. Re1+ Kf2 65. Rg1 Ke3 66. Re1+ Kf4 67. Rf1+ Kg3 68. Rg1+ Kh4 69. Rb1 g4 70. hxg4 hxg4 71. Rg1 g3 72. Rb1 Kg5 73. Kg1 Re5 74. Bh3 Re4 75. Bg2 Red4 76. Bf3 Rf4 77. Bc6 Rc4 78. Ba4 g2 79. Re1 Rcd4 80. Rb1 Rh4 81. d8Q+ Rxd8 82. Kxg2 Rd2+ 83. Kf3 Rd3+ 84. Ke2 Ra3 85. Bb3 Rh3 86. Bd1 Ra2+ 0-1

[Event "SLO-chT1 West"]
[Site "Slovenia"]
[Date "2022.10.21"]
[Round "7.1"]
[White "Janzelj, Lara"]
[Black "Markun, Bostjan"]
[Result "1/2-1/2"]
[WhiteElo "2193"]
[BlackElo "2261"]
[PlyCount "142"]
[EventDate "2022.10.07"]
[EventType "team-tourn"]
[EventRounds "9"]
[EventCountry "SLO"]
[SourceTitle "EXT 2024"]
[Source "ChessBase"]
[SourceDate "2023.10.10"]
[SourceVersion "1"]
[SourceVersionDate "2023.10.10"]
[SourceQuality "1"]
[WhiteTeam "Ig"]
[BlackTeam "Kranj Tomo Zupan"]
[WhiteTeamCountry "SLO"]
[BlackTeamCountry "SLO"]

1. d4 Nf6 2. c4 g6 3. Nc3 Bg7 4. e4 d6 5. Be2 0-0 6. Nf3 e5 7. d5 a5 8. h3 Na6 9. Bg5 Nc5 10. Nd2 c6 11. 0-0 h6 12. Be3 Nfd7 13. b3 f5 14. f3 f4 15. Bf2 Qg5 16. Kh2 Nf6 17. a3 Nh5 18. b4 axb4 19. axb4 Rxa1 20. Qxa1 Na6 21. dxc6 bxc6 22. b5 Nb4 23. Qb2 c5 24. Ra1 Ng3 25. Nf1 Nxe2 26. Qxe2 Qe7 27. Be1 g5 28. Na4 h5 29. Bxb4 cxb4 30. Nb6 Be6 31. Nd5 Qd8 32. Ra6 g4 33. Nxb4 Bc8 34. Ra1 Qh4 35. Qe1 g3+ 36. Kg1 Qd8 37. Nd5 Bb7 38. Qd2 Kh8 39. Kh1 Bxd5 40. Qxd5 Qb6 41. Rd1 Rc8 42. Nd2 Qa5 43. Qe6 Ra8 44. Nb1 Qb4 45. Qd5 Ra1 46. Qd3 Bf8 47. Qc2 Be7 48. Rc1 Bd8 49. Nd2 Rxc1+ 50. Qxc1 Bb6 51. Nf1 Qc5 52. Nd2 Qe3 53. Qd1 Qd3 54. c5 Bxc5 55. b6 Qa6 56. b7 Qxb7 57. Qa4 Kg7 58. Qe8 Qa7 59. Nb3 Qf7 60. Qxf7+ Kxf7 61. Nc1 Ke6 62. Na2 d5 63. exd5+ Kxd5 64. Nc3+ Kd4 65. Ne4 Be7 66. Kg1 Ke3 67. Kf1 Kd3 68. Ke1 Bb4+ 69. Kf1 Be7 70. Ke1 Bb4+ 71. Kf1 Be7 1/2-1/2

[Event "CRO-chT (Women) 30th"]
[Site "Porec"]
[Date "2022.10.01"]
[Round "9.3"]
[White "Kukic, Lora"]
[Black "Janzelj, Lara"]
[Result "0-1"]
[WhiteElo "1994"]
[BlackElo "2193"]
[PlyCount "50"]
[EventDate "2022.09.24"]
[EventType "team-tourn"]
[EventRounds "9"]
[EventCountry "CRO"]
[SourceTitle "CBM 210 Extra"]
[Source "ChessBase"]
[SourceDate "2022.11.30"]
[SourceVersion "1"]
[SourceVersionDate "2022.11.30"]
[SourceQuality "1"]
[WhiteTeam "Kastav (W)"]
[BlackTeam "Novo Virje Konaki (W)"]
[WhiteTeamCountry "CRO"]
[BlackTeamCountry "CRO"]

1. d4 d5 2. Nf3 Nf6 3. g3 Bf5 4. Bg2 e6 5. 0-0 Bd6 6. c4 c6 7. Nc3 Nbd7 8. h3 h6 9. c5 Bc7 10. Bf4 Bxf4 11. gxf4 g5 12. fxg5 hxg5 13. Nxg5 Nh7 14. Nxf7 Kxf7 15. e4 dxe4 16. Qh5+ Bg6 17. Qg4 Ndf6 18. Qf4 Bf5 19. Rfe1 Qb8 20. Qe5 Ng5 21. Re3 Qxe5 22. dxe5 Nd5 23. Rg3 Rag8 24. Kf1 Nxc3 25. Rxc3 Bxh3 0-1

[Event "CRO-chT (Women) 30th"]
[Site "Porec"]
[Date "2022.09.25"]
[Round "2.4"]
[White "Kejzar, Petra"]
[Black "Janzelj, Lara"]
[Result "1-0"]
[WhiteElo "2120"]
[BlackElo "2193"]
[PlyCount "111"]
[EventDate "2022.09.24"]
[EventType "team-tourn"]
[EventRounds "9"]
[EventCountry "CRO"]
[SourceTitle "CBM 210 Extra"]
[Source "ChessBase"]
[SourceDate "2022.11.30"]
[SourceVersion "1"]
[SourceVersionDate "2022.11.30"]
[SourceQuality "1"]
[WhiteTeam "Velimirovac Radnik (W)"]
[BlackTeam "Novo Virje Konaki (W)"]
[WhiteTeamCountry "CRO"]
[BlackTeamCountry "CRO"]

1. Nf3 Nf6 2. d4 e6 3. g3 b6 4. Bg2 Bb7 5. 0-0 Be7 6. c4 d6 7. Nc3 c5 8. d5 exd5 9. cxd5 0-0 10. Nd2 Na6 11. Nc4 Nc7 12. a4 Ba6 13. Qb3 Rb8 14. Rd1 Ng4 15. Nb5 Qd7 16. h3 Nf6 17. Nc3 Bxc4 18. Qxc4 a6 19. e4 b5 20. Qe2 Rfe8 21. Be3 Bd8 22. axb5 axb5 23. Qc2 Na8 24. Ra6 Bb6 25. g4 Nc7 26. Raa1 Qe7 27. g5 Nd7 28. Ne2 Ne5 29. b3 f6 30. Ng3 fxg5 31. Nf5 Qf6 32. Qc1 h6 33. b4 Nc4 34. bxc5 dxc5 35. d6 Ne6 36. Ne7+ Rxe7 37. dxe7 Qxe7 38. e5 Nxe3 39. Qxe3 c4 40. Qe4 Rf8 41. Ra2 c3 42. Qc6 Bc5 43. Rd7 Nd4 44. Qc7 Bb6 45. Rxe7 Bxc7 46. Rxc7 c2 47. Kf1 Re8 48. Bd5+ Kh8 49. e6 b4 50. Raxc2 Nxc2 51. Rxc2 Kh7 52. Ke2 Kg6 53. Kd3 Rd8 54. Kd4 Rb8 55. Ke5 Re8 56. Bc6 1-0

[Event "ESP-chT CECLUB Div2"]
[Site "Linares"]
[Date "2022.08.23"]
[Round "2.4"]
[White "Janzelj, Lara"]
[Black "Sanchez Aguilar, Arnau"]
[Result "1/2-1/2"]
[WhiteElo "2215"]
[BlackElo "1924"]
[PlyCount "176"]
[EventDate "2022.08.22"]
[EventType "team-swiss"]
[EventRounds "7"]
[EventCountry "ESP"]
[SourceTitle "CBM 209 Extra"]
[Source "ChessBase"]
[SourceDate "2022.09.30"]
[SourceVersion "1"]
[SourceVersionDate "2022.09.30"]
[SourceQuality "1"]
[WhiteTeam "Grandama Santa Lucia"]
[BlackTeam "Llinars"]
[WhiteTeamCountry "ESP"]
[BlackTeamCountry "ESP"]

1. d4 d5 2. c4 e6 3. g3 Nf6 4. Bg2 dxc4 5. Nf3 c5 6. Qa4+ Nbd7 7. 0-0 cxd4 8. Nxd4 Bc5 9. Qxc4 0-0 10. b4 Bb6 11. Rd1 Ne5 12. Qc3 Nc6 13. Bxc6 bxc6 14. Rd3 Ne4 15. Qc4 Nxf2 16. Kxf2 e5 17. Be3 exd4 18. Bxd4 Ba6 19. Bxb6 Qxb6+ 20. Qc5 Qxc5+ 21. bxc5 Bxd3 22. exd3 Rad8 23. Ke3 Rfe8+ 24. Kd2 Rd5 25. Nc3 Rxc5 26. Rb1 Rce5 27. Rb4 Rf5 28. Ne4 Rb5 29. Ra4 Rb2+ 30. Kc3 Rxh2 31. Rxa7 f5 32. Nd6 Rf8 33. a4 g5 34. a5 f4 35. gxf4 gxf4 36. Rb7 f3 37. Rb1 Rh5 38. Nc4 f2 39. Rf1 Rg5 40. Kd2 Rg1 41. Ke2 Rxf1 42. Kxf1 h5 43. Ne5 Kg7 44. a6 h4 45. a7 h3 46. Ng4 Ra8 47. Nxf2 Rxa7 48. Nxh3 Ra2 49. Nf4 Kf6 50. Ke1 Kg5 51. Ne2 c5 52. Kf2 Ra3 53. Ke3 c4 54. Nc1 c3 55. Ke2 Kf4 56. Kd1 Kf3 57. Kc2 Ke3 58. Kd1 Ra8 59. Kc2 Rd8 60. Kxc3 Rc8+ 61. Kb2 Kd2 62. Nb3+ Kxd3 63. Nc1+ Kc4 64. Kc2 Rc7 65. Kd2 Rf7 66. Ne2 Rf3 67. Kc2 Rd3 68. Nc1 Rd8 69. Ne2 Rd7 70. Nc1 Ra7 71. Kd2 Kd4 72. Ne2+ Ke4 73. Nc3+ Kf3 74. Kd3 Kf4 75. Nd5+ Ke5 76. Nc3 Rb7 77. Kc4 Rb8 78. Kd3 Rb4 79. Ke3 Rc4 80. Kd3 Rd4+ 81. Ke3 Rh4 82. Kd3 Rf4 83. Ke3 Rg4 84. Kd3 Rh4 85. Kd2 Rh3 86. Ne2 Kd5 87. Nf4+ Ke4 88. Nxh3 Ke5 1/2-1/2

[Event "Olympiad Women-44"]
[Site "Chennai"]
[Date "2022.08.03"]
[Round "6.3"]
[White "Radikovic, Anamarija"]
[Black "Janzelj, Lara"]
[Result "1-0"]
[WhiteElo "2099"]
[BlackElo "2215"]
[PlyCount "61"]
[EventDate "2022.07.29"]
[EventType "team-swiss"]
[EventRounds "11"]
[EventCountry "IND"]
[SourceTitle "CBM 210"]
[Source "ChessBase"]
[SourceDate "2022.10.31"]
[SourceVersion "1"]
[SourceVersionDate "2022.10.31"]
[SourceQuality "1"]
[WhiteTeam "Croatia (W)"]
[BlackTeam "Slovenia (W)"]
[WhiteTeamCountry "CRO"]
[BlackTeamCountry "SLO"]

1. e4 e5 2. Nf3 Nc6 3. Bb5 a6 4. Ba4 Nf6 5. 0-0 Be7 6. Re1 b5 7. Bb3 d6 8. c3 0-0 9. h3 Bb7 10. d4 Nd7 11. Nbd2 Na5 12. Bc2 c5 13. Nf1 Rc8 14. Ng3 cxd4 15. cxd4 Qc7 16. Nf5 Rfe8 17. Bb3 Nxb3 18. Qxb3 exd4 19. Ng5 Bxg5 20. Bxg5 Bxe4 21. Rxe4 Rxe4 22. Qg3 Re6 23. Bd8 Qc1+ 24. Rxc1 Rxc1+ 25. Kh2 g6 26. Qf4 Rce1 27. Nh6+ Kg7 28. Qxf7+ Kxh6 29. Qxd7 d3 30. Qf7 g5 31. Bf6 1-0